| 000 | 00544nam a22002057a 4500 | ||
|---|---|---|---|
| 003 | IIN | ||
| 005 | 20251103163056.0 | ||
| 008 | 250403b |||adf|| |||| 000 0 eng d | ||
| 020 |
_a9789390619948 _cRs.425.00 |
||
| 040 | _aIIN | ||
| 100 | _aSharma, Monika | ||
| 245 |
_aTextbook of Nutrition and Dietetics _bfor BSc Nursing Students _cMonika Sharma |
||
| 250 | _a3rd ed. | ||
| 260 |
_aNew Delhi _bCBSPD _c2022 |
||
| 300 |
_axxxvi, 346 p. _bcol. ill. |
||
| 500 | _aIncludes Index | ||
| 650 | _aNutrition | ||
| 650 | _aDietetics | ||
| 942 | _cBOOK | ||
| 999 |
_c1728 _d1728 |
||